| 000 | 00812nam a2200241 i 4500 | ||
|---|---|---|---|
| 001 | 77743 | ||
| 003 | ES-MaACL | ||
| 005 | 20230906173348.0 | ||
| 007 | t| | ||
| 008 | 041105s2003 sp ||||1| spa d | ||
| 020 | _a84-7788-294-0 | ||
| 080 | _a908(460.28) | ||
| 245 | 0 | 0 |
_aDescubriendo La Mancha / _c[textos, Joaquín González Cuenca ... et al.]. |
| 260 |
_a[Toledo] : _bJunta de Comunidades de Castilla-La Mancha, _c[2003] |
||
| 300 |
_a382 p. : _bil. ; _c30 cm. |
||
| 490 | 1 | _aPaisajes y rutas del Quijote | |
| 651 | 4 |
_aCastilla-La Mancha- _xDescripción. _97980 |
|
| 700 | 1 |
_aGonzález Cuenca, Joaquín. _958523 |
|
| 710 | 1 |
_aCastilla-La Mancha. _bJunta de Comunidades. _92495 |
|
| 830 | 0 |
_aPaisajes y rutas del Quijote _9231359 |
|
| 852 |
_aES-MaACL _jL-28392 _bR.134006 |
||
| 999 |
_c77743 _d77743 |
||